| 000 | 02180cam a2200481 i 4500 | ||
|---|---|---|---|
| 001 | data | ||
| 005 | 20260322212107.0 | ||
| 006 | data | ||
| 007 | data | ||
| 008 | data | ||
| 035 | _a22659386 | ||
| 906 |
_a0 _bibc _corignew _d1 _encip _f20 _gy-gencatlg |
||
| 010 | _a 2021687466 | ||
| 035 | _a(OCoLC)1350358114 | ||
| 040 |
_aDLC _beng _epn _epn _cGPO _dDLC _dDLC |
||
| 042 | _apcc | ||
| 074 | _a0818-J-06 (online) | ||
| 086 | 0 | _aLC 42.20:L 41/26 | |
| 110 | 2 |
_aLaw Library of Congress (U.S.). _bDirectorate of Legal Research, _eauthor. |
|
| 245 | 1 | 0 |
_aLaw library forecast : _bvarious legal/legislative issues in foreign jurisdictions for 2003 : (multinational study #2002-14026) / _cDirectorate of Legal Research. |
| 264 | 1 |
_a[Washington, D.C.] : _bThe Law Library of Congress, Global Legal Research Directorate, _c2003. |
|
| 300 | _a1 online resource (59 pages) | ||
| 336 |
_atext _btxt _2rdacontent |
||
| 337 |
_acomputer _bc _2rdamedia |
||
| 338 |
_aonline resource _bcr _2rdacarrier |
||
| 500 | _a"Argentina, Australia, Canada, Czech Republic, England and Wales, Egypt, France, Germany, Hong Kong, India, Iran, Ireland, Israel, Italy, Japan, Kenya, Mexico, Netherlands, People's Republic of China, Poland, Russian Federation, United Kingdom." | ||
| 500 | _a"January 2003." | ||
| 500 | _a"LL file no. 2002-14026." | ||
| 500 | _a"LRA-D-PUB-001601." | ||
| 500 | _aIn scope of the U.S. Government Publishing Office Cataloging and Indexing Program (C&I) and Federal Depository Library Program (FDLP). | ||
| 504 | _aIncludes bibliographical references. | ||
| 588 | _aDescription based on online resource; title from PDF title page (Law Library of Congress, viewed Nov. 4, 2022). | ||
| 650 | 0 | _aLaw. | |
| 650 | 0 | _aInternational law. | |
| 650 | 7 |
_aInternational law. _2fast _0(OCoLC)fst00976984 |
|
| 650 | 7 |
_aLaw. _2fast _0(OCoLC)fst00993678 |
|
| 710 | 2 |
_aLaw Library of Congress (U.S.). _bGlobal Legal Research Directorate, _eissuing body. |
|
| 856 | 4 | 0 |
_dllglrd _f2021687466 _uhttps://hdl.loc.gov/loc.law/llglrd.2021687466 |
| 856 | 4 | 0 |
_uhttps://purl.fdlp.gov/GPO/gpo186212 _70 |
| 985 | _allpub | ||
| 985 |
_all/glrd/dpub _ebatch11 |
||
| 991 | _hElectronic Resource | ||
| 999 |
_c1577 _d1577 |
||